Cognitive systems : (Record no. 176807)

000 -LEADER
fixed length control field 01114 a2200241 4500
003 - CONTROL NUMBER IDENTIFIER
control field Nust
005 - DATE AND TIME OF LATEST TRANSACTION
control field 20220720100638.0
010 ## - LIBRARY OF CONGRESS CONTROL NUMBER
LC control number 2005040291
020 ## - INTERNATIONAL STANDARD BOOK NUMBER
International Standard Book Number 0805852913 (alk. paper)
040 ## - CATALOGING SOURCE
Transcribing agency Nust
082 00 - DEWEY DECIMAL CLASSIFICATION NUMBER
Classification number 004.019,COG
245 00 - TITLE STATEMENT
Title Cognitive systems :
Remainder of title human cognitive models in systems design /
Statement of responsibility, etc. edited by Chris Forsythe, Michael L. Bernard, Timothy E. Goldsmith.
260 ## - PUBLICATION, DISTRIBUTION, ETC.
Place of publication, distribution, etc. Mahwah, N.J. :
Name of publisher, distributor, etc. L. Erlbaum Associates,
Date of publication, distribution, etc. c2006.
300 ## - PHYSICAL DESCRIPTION
Extent x, 314 p. :
Other physical details ill. ;
Dimensions 23 cm.
505 ## - FORMATTED CONTENTS NOTE
Formatted contents note PART ONE: Introduction (Page-1), PART TWO: Theoretical and Empirical Basis for Congnitive System (Page-37), PART THREE: Illustration of Cognitive Systems (Page-137), PART FOUR: Topics in Cognitive Systems (Page-259).
650 #0 - SUBJECT ADDED ENTRY--TOPICAL TERM
Topical term or geographic name entry element Human-computer interaction.
700 1# - ADDED ENTRY--PERSONAL NAME
Personal name Bernard, Michael L.
9 (RLIN) 93964
700 1# - ADDED ENTRY--PERSONAL NAME
Personal name Forsythe, Chris.
9 (RLIN) 93965
700 1# - ADDED ENTRY--PERSONAL NAME
Personal name Goldsmith, Timothy E.
9 (RLIN) 93966
856 42 - ELECTRONIC LOCATION AND ACCESS
Materials specified Publisher description
Uniform Resource Identifier <a href="http://www.loc.gov/catdir/enhancements/fy0623/2005040291-d.html">http://www.loc.gov/catdir/enhancements/fy0623/2005040291-d.html</a>
856 42 - ELECTRONIC LOCATION AND ACCESS
Materials specified Table of contents only
Uniform Resource Identifier <a href="http://www.loc.gov/catdir/enhancements/fy0623/2005040291-t.html">http://www.loc.gov/catdir/enhancements/fy0623/2005040291-t.html</a>
942 ## - ADDED ENTRY ELEMENTS (KOHA)
Koha item type Reference
Source of classification or shelving scheme
Holdings
Withdrawn status Lost status Source of classification or shelving scheme Damaged status Not for loan Permanent Location Current Location Shelving location Date acquired Full call number Barcode Date last seen Price effective from Koha item type Public note
          Military College of Signals (MCS) Military College of Signals (MCS) Reference 12/12/2016 004.019,COG MCS34509 12/08/2016 12/12/2016 Book Almirah No.17, Shelf No.1
© 2023 Central Library, National University of Sciences and Technology. All Rights Reserved.